De l'education des filles : extraits

Αποθηκεύτηκε σε:
Λεπτομέρειες βιβλιογραφικής εγγραφής
Κύριος συγγραφέας: Fenelon, Francois de Salignac de La Mothe-, 1651-1715
Άλλοι συγγραφείς: Perier, A.
Μορφή: Βιβλίο
Γλώσσα:French
Δημοσίευση: Paris : Hatier, [19--]
Σειρά:Les classiques pour tous ; ; 58
Θέματα:
Ετικέτες: Προσθήκη ετικέτας
Δεν υπάρχουν, Καταχωρήστε ετικέτα πρώτοι!

MARC

LEADER 00000cam a2200000 i 4500
001 1/90934
008 080711q19401960 fre d
035 |l 10098919 
040 |a GR-MY-UA  |b gre  |e aacr 
041 0 |a fre 
082 0 |a 370.1  |2 (22) 
100 1 |a Fenelon, Francois de Salignac de La Mothe-,   |d 1651-1715. 
245 1 3 |a De l'education des filles :  |b extraits /  |c Fenelon ; notice et notes A. Perier 
260 |a Paris :   |b Hatier,   |c [19--] 
300 |a 79 σ.;  |c 18 εκ. 
490 1 |a Les classiques pour tous  |v ; 58 
650 0 0 |a Education  |z France  |x Philosophy. 
650 0 0 |a Education  |x History. 
650 0 0 |a Women  |x Education  |z France. 
700 1 |a Perier, A. 
830 0 |a Les classiques pour tous ;  |v ; 58 
852 |a INST  |b RHODES  |c AKA  |e 20080711  |h  370.1 FEN  |p 005400027725  |q 005400027725  |t BK  |y 0 
901 |a BIBL4-2008-2 
909 |a Ρ  |b 150810 
970 |a ΚΟΖΑ  |b ΜΑΡΙΑ  |z 2008/07/11